000 00975nam a22002897a 4500
001 BR2019000559
003 BR-BrBNA
005 20230928105421.0
007 ta
008 230509b bl.||||| |||| 00| 0 por d
020 _a978-85-60925-00-1
040 _aBR-BrBNA
_bpor
_cBiblioteca Nacional de Agricultura
041 _a(Por)
072 _aE50
090 _ E50 BR2019000559
100 1 _aCarneiro, M.J. (org.)
100 1 _aCosta, L.F. de C. (org.)
110 1 _aUniversidade Federal Rural do Rio de Janeiro, RJ (Brasil). Programa de Pós-graduação de Ciências Sociais em Desenvolvimento, Agricultura e Sociedade
_911248
245 1 _aLeituras e interpretações; teorias e práticas sociais
_bColeção cpda textos; v. 2
260 3 _aRio de Janeiro, RJ (Brasil):
_c2007.
300 _a136 p.
500 _aIncludes several bibliographies
650 _aSOCIOLOGIA RURAL
650 _aLIDERANÇA
909 _a202309
_bLucia
_c55
_dLucia Elande
942 _cBK
999 _c85043
_d85043